000 00490nam a2200181Ia 4500
005 20250508150208.0
008 008 250505s9999 xx 000 0 eng d
037 _aTextual
040 _aFEDL
_beng
_cFEDL
041 _aeng
_2eng
084 _a823.8, CHE
_qFEDL
100 _aChesterton G K
245 0 _aVictorian age in literature
260 _aLondon, UK
_bOxford Univeristy Press
_c1946
300 _a159p.
942 _cTEXL
_h823.8, CHE
999 _c1322315
_d1322315